Centrum chorvátskej kultúry, Jarovce
Salvato in:
| Autore principale: | |
|---|---|
| Altri autori: | |
| Natura: | Manoscritto Libro |
| Lingua: | slovacco |
| Pubblicazione: |
2025
|
| Soggetti: | |
| Accesso online: | http://is.stuba.sk/zp/portal_zp.pl?podrobnosti=168220 |
| Tags: |
Nessun Tag, puoi essere il primo ad aggiungerne!!
|
MARC
| LEADER | 00000ntm a22000003a 4500 | ||
|---|---|---|---|
| 001 | stuzp105025 | ||
| 003 | SK-STU | ||
| 005 | 20250614213533.6 | ||
| 007 | ta | ||
| 008 | 150427s2015----xo-----f-mn---000-0-slo-d | ||
| 040 | |a STU |b slo | ||
| 041 | 0 | |a slo | |
| 100 | 1 | |a Čárska, Anna |u 054140 |4 aut |U FAD Fakulta architektúry a dizajnu |T FAD Ústav konštrukcií v architektúre a inžinierskych stavieb |X 115553 |U A4140 |Y 395 |7 115553 | |
| 242 | 0 | 1 | |a Croatian Cultural Center, Jarovce |y eng |
| 245 | 1 | 0 | |a Centrum chorvátskej kultúry, Jarovce |
| 260 | |c 2025 | ||
| 650 | 4 | |a Croatian minority |2 eng | |
| 650 | 4 | |a public space |2 eng | |
| 650 | 4 | |a cultural center |2 eng | |
| 650 | 4 | |a Jarovce |2 eng | |
| 650 | 4 | |a chorvátska menšina |2 slo | |
| 650 | 4 | |a verejný priestor |2 slo | |
| 650 | 4 | |a kultúrne centrum |2 slo | |
| 650 | 4 | |a Jarovce |2 slo | |
| 700 | 1 | |a Alexy, Andrej |u 054140 |k Z8 |4 ths |U FAD Fakulta architektúry a dizajnu |T FAD Ústav konštrukcií v architektúre a inžinierskych stavieb |X 4185 |U A4140 |Y 395 |7 A000004185 | |
| 856 | 4 | |u http://is.stuba.sk/zp/portal_zp.pl?podrobnosti=168220 | |